Visible Learning (Record no. 23982)

MARC details
000 -LEADER
fixed length control field 00476nam a22001937a 4500
003 - CONTROL NUMBER IDENTIFIER
control field OSt
005 - DATE AND TIME OF LATEST TRANSACTION
control field 20260611144232.0
008 - FIXED-LENGTH DATA ELEMENTS--GENERAL INFORMATION
fixed length control field 260611b |||||||| |||| 00| 0 eng d
020 ## - INTERNATIONAL STANDARD BOOK NUMBER
International Standard Book Number 415476178
040 ## - CATALOGING SOURCE
Transcribing agency Chuka UnIversity LIBRARY
050 ## - LIBRARY OF CONGRESS CALL NUMBER
Classification number LB 1060 H3 2009
100 ## - MAIN ENTRY--PERSONAL NAME
Personal name Hattie John A.C
9 (RLIN) 28569
245 ## - TITLE STATEMENT
Title Visible Learning
250 ## - EDITION STATEMENT
Edition statement 1st Ed.
260 ## - PUBLICATION, DISTRIBUTION, ETC.
Place of publication, distribution, etc. London
Name of publisher, distributor, etc. Routledge
Date of publication, distribution, etc. 2009
300 ## - PHYSICAL DESCRIPTION
Extent 378p
650 ## - SUBJECT ADDED ENTRY--TOPICAL TERM
Topical term or geographic name entry element Visible Learning
9 (RLIN) 28570
942 ## - ADDED ENTRY ELEMENTS (KOHA)
Source of classification or shelving scheme Library of Congress Classification
Koha item type Long Loan Books
Suppress in OPAC No
Holdings
Withdrawn status Lost status Source of classification or shelving scheme Damaged status Not for loan Collection Home library Current library Shelving location Date acquired Source of acquisition Cost, normal purchase price Total Checkouts Full call number Barcode Date last seen Copy number Price effective from Koha item type
    Library of Congress Classification     General Collection Books Main Campus Library Main Campus Library General Stacks 11/06/2026 Donation from books for Africa 2070.00   LB 1060 .H3 2009 33899/2026 11/06/2026 C.1 11/06/2026 Long Loan Books

Powered by Koha